| 000 | 00658cam a2200241 4500 | ||
|---|---|---|---|
| 008 | 090401t1988 xxu||||| |||| 00| 0 eng d | ||
| 020 | _a0421384107 | ||
| 035 | _a(Sirsi) u61002 | ||
| 041 | _aeng | ||
| 050 | _a363.31 | ||
| 100 | _aHarrison, Tim | ||
| 245 | _aAccess to information in local government | ||
| 260 |
_aLondon _bSweet and Maxwell _c1988 |
||
| 300 | _axv,107p. ; 22cm. | ||
| 350 | _a12.5 | ||
| 650 | _aACCESS TO PERSONAL FILES ACT 1987 | ||
| 650 | _aDATA PROTECTION ACT 1984 | ||
| 650 | _aFREEDOM OF INFORMATION | ||
| 650 | _aLAW | ||
| 650 | _aLOCAL GOVERNMENT ACCESS TO INFORMATION ACT 1985 | ||
| 942 | _n0 | ||
| 948 | _c04/03/1997 | ||
| 999 |
_c94280 _d94280 |
||